MARC details
| 000 -CABECERA |
| campo de control de longitud fija |
01226nam a2200289 a 4500 |
| 003 - IDENTIFICADOR DEL NÚMERO DE CONTROL |
| campo de control |
MX-MxUPN |
| 005 - FECHA Y HORA DE LA ÚLTIMA TRANSACCIÓN |
| campo de control |
20250109082237.0 |
| 008 - ELEMENTOS DE LONGITUD FIJA--INFORMACIÓN GENERAL |
| campo de control de longitud fija |
991125s19361938fr d fr 001 0 fre d |
| 035 ## - NÚMERO DE CONTROL DEL SISTEMA |
| Número de control de sistema |
UPN01000029995 |
| 040 ## - FUENTE DE LA CATALOGACIÓN |
| Centro catalogador/agencia de origen |
MX-MxUPN |
| Lengua de catalogación |
spa |
| Centro/agencia transcriptor |
MX-MxUPN |
| 041 ## - CÓDIGO DE IDIOMA |
| Código de lengua del texto/banda sonora o título independiente |
fre |
| 050 14 - SIGNATURA TOPOGRÁFICA DE LA BIBLIOTECA DEL CONGRESO |
| Número de clasificación |
LB1117 |
| Número de documento/Ítem |
O46 |
| 100 1# - ASIENTO PRINCIPAL--NOMBRE PERSONAL |
| Nombre de persona |
Ombredane, André, |
| 9 (RLIN) |
52310 |
| Fechas asociadas al nombre |
1898-1958 |
| 245 13 - MENCIÓN DE TÍTULO |
| Título |
Le problème des aptitudes a l'age scolaire |
| 260 ## - PUBLICACIÓN, DISTRIBUCIÓN, ETC. |
| Lugar de publicación, distribución, etc. |
París : |
| Nombre del editor, distribuidor, etc. |
Hermann & Cie, editeurs, |
| Fecha de publicación, distribución, etc. |
1936. |
| 300 ## - DESCRIPCIÓN FÍSICA |
| Extensión |
57 páginas |
| 490 0# - MENCIÓN DE SERIE |
| Mención de serie |
Actualités scientifiques et industrielles ; |
| Designación de volumen o secuencia |
439 |
| 504 ## - NOTA DE BIBLIOGRAFÍA, ETC. |
| Nota de bibliografía, etc. |
Incluye índice. |
| 505 00 - NOTA DE CONTENIDO CON FORMATO PREESTABLECIDO |
| Título |
Les inadaptès scolaires / |
| Mención de responsabilidad |
André Ombredane, Mme. N. Suares y Mme N. Canivet. |
| Información miscelánea |
(Actualités scientifiques et industrielles; v. 440, 84 páginas). |
| Título |
Le diagnostic individuel chez l'enfant au moyen du test de Rorschach / |
| Mención de responsabilidad |
M. Loosli - Usteri. |
| Identificador Uniforme del Recurso |
<a href="(Actualités scientifiques et industrielles; v. 639, 90 páginas).">(Actualités scientifiques et industrielles; v. 639, 90 páginas).</a> |
| 650 #2 - ASIENTO SECUNDARIO DE MATERIA - TERMINO TEMATICO |
| Término de materia o nombre geográfico como elemento de entrada |
Aptitudes |
| 9 (RLIN) |
1417 |
| 650 #4 - ASIENTO SECUNDARIO DE MATERIA - TERMINO TEMATICO |
| Término de materia o nombre geográfico como elemento de entrada |
Niño, Estudio del |
| 9 (RLIN) |
221 |
| 700 1# - ASIENTO SECUNDARIO--NOMBRE DE PERSONAL |
| 9 (RLIN) |
51389 |
| Nombre de persona |
Luna de Ibarra, Luz |
| Término indicativo de función/relación |
propietaria anterior |
| 710 2# - ASIENTO SECUNDARIO - NOMBRE CORPORATIVO |
| Nombre de entidad corporativa o nombre de jurisdicción como elemento de entrada |
Instituto Nacional de Investigación Educativa (México) |
| Término indicativo de función/relación |
propietario anterior |
| 9 (RLIN) |
28086 |
| 902 ## - ELEMENTOS DE DATOS B LOCAL, LDB (RLIN) |
| Modificó |
MaríaRobles/110624 |
| 905 ## - TIPO DE MATERIAL |
| Tipo de material |
Libro |
| 942 ## - ELEMENTOS DE PUNTO DE ACCESO ADICIONAL (KOHA) |
| Fuente del sistema de clasificación o colocación |
Library of Congress Classification |
| Tipo de ítem Koha |
Libro |
| Suprimir en OPAC |
No |